[Event "SVK-chT2B 1920"]
[Site "Slovakia"]
[Date "2019.10.26"]
[Round "1.4"]
[White "Grilus, Marian"]
[Black "Bielik, Jakub"]
[Result "1/2-1/2"]
[WhiteElo "1936"]
[BlackElo "1953"]
[PlyCount "90"]
[EventDate "2019.10.26"]
[EventType "team-tourn"]
[EventRounds "11"]
[EventCountry "SVK"]
[SourceTitle "CBM 193 Extra"]
[Source "ChessBase"]
[SourceDate "2020.01.31"]
[SourceVersion "1"]
[SourceVersionDate "2020.01.31"]
[SourceQuality "1"]
[WhiteTeam "Nove Zamky"]
[BlackTeam "Povazske Podhradie"]
[WhiteTeamCountry "SVK"]
[BlackTeamCountry "SVK"]

1. d4 d5 2. c4 e6 3. Nc3 Be7 4. cxd5 exd5 5. Qc2 c6 6. Bf4 g6 7. f3 Nf6 8. Bh6 Bf5 9. e4 dxe4 10. fxe4 Nxe4 11. Nxe4 Bb4+ 12. Bd2 Qh4+ 13. g3 Qxe4+ 14. Qxe4+ Bxe4 15. Bxb4 Bxh1 16. 0-0-0 Nd7 17. Ne2 0-0-0 18. Nf4 Bf3 19. Rd3 Be4 20. Ra3 Kb8 21. Bc4 g5 22. Ne2 Bd5 23. Bxd5 cxd5 24. Rf3 Rc8+ 25. Nc3 Rc6 26. Rxf7 Nf6 27. Kd2 Rhc8 28. Kd3 Rb6 29. Be7 Ne8 30. Bxg5 Rxb2 31. Rxh7 Rf2 32. Nxd5 Rxa2 33. Bf4+ Ka8 34. h4 b5 35. Re7 Ra3+ 36. Ke4 Ra6 37. Be5 Rac6 38. Nb4 Rc1 39. Nd5 Rd8 40. Nb4 Nd6+ 41. Kf4 Rf1+ 42. Kg4 Rg8+ 43. Kh3 Nf5 44. Rd7 Ne3 45. Kh2 Rf2+ 1/2-1/2

[Event "SVK-chT2B 1617"]
[Site "Slovakia"]
[Date "2017.02.12"]
[Round "9.5"]
[White "Sopko, Rudolf"]
[Black "Grilus, Marian"]
[Result "1/2-1/2"]
[WhiteElo "1851"]
[BlackElo "1918"]
[PlyCount "41"]
[EventDate "2016.10.08"]
[EventType "team-tourn"]
[EventRounds "11"]
[EventCountry "SVK"]
[SourceTitle "EXT 2018"]
[Source "ChessBase"]
[SourceDate "2017.10.13"]
[SourceVersion "1"]
[SourceVersionDate "2017.10.13"]
[SourceQuality "1"]
[WhiteTeam "Trencin"]
[BlackTeam "Nove Zamky"]
[WhiteTeamCountry "SVK"]
[BlackTeamCountry "SVK"]

1. e4 e6 2. d4 d5 3. exd5 exd5 4. Nf3 Bd6 5. Be3 c6 6. c3 Nf6 7. h3 Bf5 8. Nbd2 Nbd7 9. Nh4 Bg6 10. Nxg6 hxg6 11. Bd3 Qc7 12. Qc2 0-0-0 13. 0-0-0 Nb6 14. Kb1 Kb8 15. Rde1 Rhe8 16. Bg5 Bf4 17. Bxf6 gxf6 18. g3 Bd6 19. Qd1 f5 20. Rxe8 Rxe8 21. Re1 1/2-1/2

[Event "SVK-chT2B 10/11"]
[Site "Slovakia"]
[Date "2011.03.06"]
[Round "9.3"]
[White "Grilus, Marian"]
[Black "Belak, Stefan"]
[Result "0-1"]
[WhiteElo "1941"]
[BlackElo "1946"]
[PlyCount "78"]
[EventDate "2010.10.23"]
[EventType "team-tourn"]
[EventRounds "11"]
[EventCountry "SVK"]
[SourceTitle "EXT 2019"]
[Source "ChessBase"]
[SourceDate "2018.10.10"]
[SourceVersion "1"]
[SourceVersionDate "2018.10.10"]
[SourceQuality "1"]
[WhiteTeam "Nove Zamky Basta II"]
[BlackTeam "Povazska Bystrica SK Sparta II"]
[WhiteTeamCountry "SVK"]
[BlackTeamCountry "SVK"]

1. d4 d5 2. c4 Nc6 3. Nc3 dxc4 4. d5 Ne5 5. e4 e6 6. f4 Nd3+ 7. Bxd3 cxd3 8. Qxd3 exd5 9. Qxd5 Be7 10. Qxd8+ Bxd8 11. Nf3 c6 12. Be3 Nf6 13. e5 Ng4 14. Bd4 h5 15. 0-0-0 Nh6 16. Ne4 Nf5 17. Bc5 Be7 18. Nd6+ Kf8 19. Ng5 Bxd6 20. exd6 Bd7 21. Rhe1 b6 22. Ba3 c5 23. b3 Re8 24. Rxe8+ Kxe8 25. Bb2 f6 26. Nf3 Kf7 27. h3 h4 28. a4 Rd8 29. a5 Bc6 30. axb6 axb6 31. Bc3 Bxf3 32. gxf3 Rxd6 33. Rxd6 Nxd6 34. Kc2 Ke6 35. Kd3 Kd5 36. Be1 Nf5 37. Bf2 Nd4 38. Bxh4 Nxb3 39. Be1 Nd4 0-1

[Event "SVK-chT2B 0910"]
[Site "Slovakia"]
[Date "2009.10.10"]
[Round "2"]
[White "Chrast, Adrian"]
[Black "Grilus, Marian"]
[Result "1-0"]
[WhiteElo "1986"]
[BlackElo "1925"]
[PlyCount "65"]
[EventDate "2009.10.10"]
[EventType "team"]
[EventRounds "11"]
[EventCountry "SVK"]
[SourceTitle "EXT 2011"]
[Source "ChessBase"]
[SourceDate "2010.11.26"]
[SourceVersion "1"]
[SourceVersionDate "2010.11.26"]
[SourceQuality "1"]
[WhiteTeam "Partizanske"]
[BlackTeam "Nove Zamky Basta II"]
[WhiteTeamCountry "SVK"]
[BlackTeamCountry "SVK"]

1. d4 d5 2. Nf3 Nf6 3. e3 Bg4 4. Nbd2 e6 5. Be2 Bd6 6. c4 0-0 7. b3 Nbd7 8. c5 Be7 9. Bb2 c6 10. 0-0 b6 11. b4 Rb8 12. a3 bxc5 13. dxc5 Ne8 14. Nd4 Bxe2 15. Qxe2 Qc7 16. N2b3 e5 17. Nf5 Bf6 18. e4 g6 19. Nh6+ Kg7 20. Ng4 d4 21. f4 exf4 22. Nxf6 Nexf6 23. Bxd4 Rbe8 24. Rae1 Kg8 25. Nd2 Re7 26. e5 Nd5 27. Nc4 f6 28. e6 Rd8 29. Qb2 Nf8 30. Bxf6 Nxf6 31. Qxf6 Rde8 32. Nd6 Rxe6 33. Nxe8 1-0

[Event "SVK-chT1W 0809"]
[Site "Slovakia"]
[Date "2009.02.08"]
[Round "9.4"]
[White "Grilus, Marian"]
[Black "Polacik, Igor"]
[Result "0-1"]
[WhiteElo "1929"]
[BlackElo "2194"]
[PlyCount "160"]
[EventDate "2008.10.18"]
[EventType "team-tourn"]
[EventRounds "11"]
[EventCountry "SVK"]
[SourceTitle "EXT 2010"]
[Source "ChessBase"]
[SourceDate "2010.11.25"]
[SourceVersion "1"]
[SourceVersionDate "2010.11.25"]
[SourceQuality "1"]
[WhiteTeam "Nove Zamky Basta"]
[BlackTeam "Bratislava Doprastav"]
[WhiteTeamCountry "SVK"]
[BlackTeamCountry "SVK"]

1. d4 Nf6 2. c4 g6 3. Nc3 d5 4. cxd5 Nxd5 5. e4 Nxc3 6. bxc3 Bg7 7. Bc4 c5 8. Ne2 0-0 9. 0-0 cxd4 10. cxd4 Nc6 11. Be3 Na5 12. Bd3 b6 13. Rc1 e6 14. Qd2 Bb7 15. Bh6 Qd7 16. Bxg7 Kxg7 17. Qb2 Kg8 18. Rfd1 Rfc8 19. Bb5 Rxc1 20. Rxc1 Qd8 21. f3 Rc8 22. Rxc8 Qxc8 23. Qc3 Qxc3 24. Nxc3 a6 25. Be2 b5 26. Kf2 Kf8 27. Ke3 Ke7 28. a3 Kd6 29. e5+ Kd7 30. Ne4 Bxe4 31. fxe4 Nc6 32. h4 h6 33. Kd3 Kc7 34. Kc3 Kb6 35. Bd1 a5 36. Bb3 Nd8 37. Kd3 Nc6 38. Kc3 a4 39. Ba2 Ka5 40. g3 b4+ 41. axb4+ Nxb4 42. Bc4 Nc6 43. Ba2 a3 44. Bb1 Kb5 45. Bd3+ Kb6 46. Bb1 Kb5 47. Bd3+ Ka4 48. Bc2+ Ka5 49. Bb1 Nb4 50. Kb3 Kb5 51. Kxa3 Kc4 52. Ka4 Nc6 53. d5 exd5 54. Ba2+ Kc5 55. exd5 Nxe5 56. Ka3 f6 57. Ka4 Nd7 58. Ka5 Nb6 59. Bb1 g5 60. hxg5 hxg5 61. g4 Nxd5 62. Bf5 Ne3 63. Bc8 Kd5 64. Kb5 Ke5 65. Kc5 Kf4 66. Kd4 Nxg4 67. Kd3 Kf3 68. Kd2 Ne3 69. Ke1 g4 70. Bb7+ Kf4 71. Kf2 Nc4 72. Kg2 Ne3+ 73. Kf2 g3+ 74. Kg1 Kg4 75. Bf3+ Kh4 76. Be2 Kh3 77. Bf3 f5 78. Be2 g2 79. Bf3 Kg3 80. Be4 f4 0-1

[Event "SVK-chT2B 0607"]
[Site "Slovakia"]
[Date "2007.03.18"]
[Round "11.2"]
[White "Grilus, Marian"]
[Black "Sedmak, Stanislav"]
[Result "1/2-1/2"]
[WhiteElo "1833"]
[BlackElo "1963"]
[PlyCount "166"]
[EventDate "2006.10.14"]
[EventType "team-tourn"]
[EventRounds "11"]
[EventCountry "SVK"]
[SourceTitle "EXT 2008"]
[Source "ChessBase"]
[SourceDate "2007.11.25"]
[SourceVersion "1"]
[SourceVersionDate "2007.11.25"]
[SourceQuality "1"]
[WhiteTeam "Nove Zamky II"]
[BlackTeam "Topolcany"]
[WhiteTeamCountry "SVK"]
[BlackTeamCountry "SVK"]

1. d4 d5 2. c4 c6 3. cxd5 cxd5 4. Nc3 Nf6 5. Nf3 Nc6 6. Bf4 e6 7. e3 Bd6 8. Bxd6 Qxd6 9. Bd3 0-0 10. a3 a6 11. 0-0 Bd7 12. Rc1 b5 13. a4 b4 14. Ne2 Rfc8 15. b3 a5 16. Ng3 Ne7 17. Qd2 Ng6 18. h3 Bc6 19. Bxg6 hxg6 20. Ne5 Bb7 21. f3 Ne8 22. Nh1 Ba6 23. Rfe1 Nf6 24. Nf2 Nd7 25. Nfd3 Bxd3 26. Nxd3 Qa6 27. Kf2 Rxc1 28. Rxc1 Rc8 29. Rxc8+ Qxc8 30. Qc1 Qxc1 31. Nxc1 Kf8 32. Nd3 Ke7 33. e4 Kd6 34. Ke3 f6 35. exd5 exd5 36. Nf4 Nf8 37. h4 g5 38. hxg5 fxg5 39. Nd3 Ne6 40. g3 Nf8 41. Ne5 Ne6 42. f4 gxf4+ 43. gxf4 g5 44. Nf7+ Ke7 45. Nxg5 Ng7 46. Nf3 Nf5+ 47. Kd3 Kd6 48. Ne5 Ng3 49. Ng4 Nf5 50. Ne3 Ke6 51. Ng4 Nd6 52. Ne5 Nb7 53. Ke3 Nd6 54. Nc6 Nb7 55. Kf3 Kd6 56. Ne5 Ke6 57. Nd3 Kf5 58. Nc5 Nd8 59. Ke3 Nc6 60. Nd7 Ke6 61. Ne5 Ne7 62. Kd3 Nf5 63. Nc6 Kd6 64. Nxa5 Kc7 65. Nc4 dxc4+ 66. Kxc4 Kb6 67. Kxb4 Nxd4 68. Kc4 Nf5 69. b4 Kc6 70. b5+ Kb6 71. Kb4 Ne3 72. a5+ Kc7 73. Kc5 Nf5 74. a6 Ne7 75. b6+ Kb8 76. Kd6 Nc8+ 77. Kc6 Ne7+ 78. Kd7 Nd5 79. f5 Nxb6+ 80. Kc6 Nc8 81. f6 Ka7 82. Kd7 Nb6+ 83. Ke7 Nd5+ 1/2-1/2

[Event "SVK-chT2B 0607"]
[Site "Slovakia"]
[Date "2007.03.17"]
[Round "10.2"]
[White "Krist, Radovan"]
[Black "Grilus, Marian"]
[Result "0-1"]
[WhiteElo "1742"]
[BlackElo "1833"]
[PlyCount "56"]
[EventDate "2006.10.14"]
[EventType "team-tourn"]
[EventRounds "11"]
[EventCountry "SVK"]
[SourceTitle "EXT 2008"]
[Source "ChessBase"]
[SourceDate "2007.11.25"]
[SourceVersion "1"]
[SourceVersionDate "2007.11.25"]
[SourceQuality "1"]
[WhiteTeam "Partizanske"]
[BlackTeam "Nove Zamky II"]
[WhiteTeamCountry "SVK"]
[BlackTeamCountry "SVK"]

1. e4 e6 2. d4 d5 3. Nc3 Nf6 4. e5 Nfd7 5. f4 c5 6. Nf3 Nc6 7. Be3 cxd4 8. Nxd4 Qh4+ 9. g3 Qd8 10. Qh5 g6 11. Qf3 Bb4 12. Kf2 Bxc3 13. bxc3 0-0 14. c4 Qa5 15. cxd5 Nxd4 16. Qe4 Nf5 17. d6 Nc5 18. Qc4 Nxe3 19. Kxe3 Bd7 20. Rb1 Bc6 21. Rg1 Ne4 22. Qd3 Qc5+ 23. Qd4 Qxc2 24. Rb2 Qc1+ 25. Kf3 Nxd6+ 26. Kg4 Nf5 27. Qb4 Qd1+ 28. Kh3 Qh5# 0-1

[Event "SVK-chT2B 0607"]
[Site "Slovakia"]
[Date "2006.10.15"]
[Round "2.2"]
[White "Grilus, Marian"]
[Black "Botto, Vladimir"]
[Result "1/2-1/2"]
[WhiteElo "1833"]
[BlackElo "2030"]
[PlyCount "29"]
[EventDate "2006.10.14"]
[EventType "team-tourn"]
[EventRounds "11"]
[EventCountry "SVK"]
[SourceTitle "EXT 2008"]
[Source "ChessBase"]
[SourceDate "2007.11.25"]
[SourceVersion "1"]
[SourceVersionDate "2007.11.25"]
[SourceQuality "1"]
[WhiteTeam "Nove Zamky II"]
[BlackTeam "Topolcianky"]
[WhiteTeamCountry "SVK"]
[BlackTeamCountry "SVK"]

1. d4 Nf6 2. c4 g6 3. Nc3 Bg7 4. e4 d6 5. f3 0-0 6. Be3 c6 7. Qd2 Qa5 8. Bd3 Nbd7 9. Nge2 e5 10. d5 cxd5 11. cxd5 Nc5 12. 0-0 Nxd3 13. Qxd3 Bd7 14. b4 Qd8 15. Nb5 1/2-1/2

[Event "SVK-chT2B 0607"]
[Site "Slovakia"]
[Date "2006.10.14"]
[Round "1.1"]
[White "Hoferik, Stefan"]
[Black "Grilus, Marian"]
[Result "1/2-1/2"]
[WhiteElo "1842"]
[BlackElo "1833"]
[PlyCount "52"]
[EventDate "2006.10.14"]
[EventType "team-tourn"]
[EventRounds "11"]
[EventCountry "SVK"]
[SourceTitle "EXT 2008"]
[Source "ChessBase"]
[SourceDate "2007.11.25"]
[SourceVersion "1"]
[SourceVersionDate "2007.11.25"]
[SourceQuality "1"]
[WhiteTeam "Povazska Bystrica II"]
[BlackTeam "Nove Zamky II"]
[WhiteTeamCountry "SVK"]
[BlackTeamCountry "SVK"]

1. d4 Nf6 2. c4 g6 3. Nc3 Bg7 4. e4 d6 5. f3 0-0 6. Be3 e5 7. d5 a5 8. Qd2 Ne8 9. g4 f5 10. gxf5 gxf5 11. 0-0-0 f4 12. Bf2 Kh8 13. h4 Na6 14. Nh3 Bf6 15. Ng5 h6 16. Ne6 Bxe6 17. dxe6 Ng7 18. Bh3 Qe8 19. Rdg1 Nxe6 20. Nd5 Qf7 21. Bf5 Rg8 22. Kb1 b6 23. Nxf6 Qxf6 24. Qd5 Nac5 25. Rg4 h5 26. Rg5 Qh6 1/2-1/2